000
00324 a2200157 4500
001
189965
020
_a
85-08-02871-7
040
_c
Magnum
100
_a
Orthof, Sylvia
240
1
0
_a
João feijão
_l
por
245
1
0
_a
João feijão
362
0
_a
2005
440
1
_a
Ática
697
_a
LITERATURA INFANTIL
942
_c
BK
999
_c
189965
_d
189965